[Event "Novosibirsk November op"]
[Site "Novosibirsk"]
[Date "2008.11.27"]
[Round "7"]
[White "Gvozdev, Alexander"]
[Black "Stepanenko, Leonid"]
[Result "1-0"]
[WhiteElo "1872"]
[BlackElo "1943"]
[PlyCount "69"]
[EventDate "2008.11.20"]
[EventType "swiss"]
[EventRounds "9"]
[EventCountry "RUS"]
[SourceTitle "EXT 2022"]
[Source "ChessBase"]
[SourceDate "2021.10.06"]
[SourceVersion "1"]
[SourceVersionDate "2021.10.06"]
[SourceQuality "1"]

1. d4 d5 2. c4 c6 3. Nc3 Nf6 4. Nf3 e6 5. Bg5 Be7 6. e3 Nbd7 7. Qc2 h6 8. Bh4 0-0 9. Bd3 dxc4 10. Bxc4 b5 11. Bd3 a6 12. 0-0-0 Bb7 13. Rhg1 Nd5 14. Bxe7 Qxe7 15. Nxd5 cxd5 16. Kb1 Rfc8 17. Qe2 Rc7 18. g4 e5 19. dxe5 Nxe5 20. Nd4 Nxd3 21. Rxd3 b4 22. f4 a5 23. Rdd1 Qe4+ 24. Ka1 Ba6 25. Qf2 Re8 26. Rg3 Rec8 27. Rgg1 a4 28. Qd2 b3 29. a3 Bd3 30. Rc1 Bc2 31. Nb5 Rd7 32. h4 Re8 33. Rge1 Qc4 34. Nd4 Qd3 35. Rxc2 1-0

[Event "Novosibirsk November op"]
[Site "Novosibirsk"]
[Date "2008.11.26"]
[Round "5"]
[White "Gvozdev, Alexander"]
[Black "Yakushev, Nikolai"]
[Result "0-1"]
[WhiteElo "1872"]
[BlackElo "2154"]
[PlyCount "84"]
[EventDate "2008.11.20"]
[EventType "swiss"]
[EventRounds "9"]
[EventCountry "RUS"]
[SourceTitle "EXT 2022"]
[Source "ChessBase"]
[SourceDate "2021.10.06"]
[SourceVersion "1"]
[SourceVersionDate "2021.10.06"]
[SourceQuality "1"]

1. Nf3 Nf6 2. g3 d6 3. d4 c6 4. Bg2 Nbd7 5. c4 e5 6. dxe5 dxe5 7. Nc3 Qc7 8. 0-0 Be7 9. b3 0-0 10. Bb2 Re8 11. Qc2 Nf8 12. Rfd1 Ng6 13. Rac1 Nd7 14. e4 Ndf8 15. Ne2 Bg4 16. h3 Be6 17. Nd2 h5 18. Nf1 Bg5 19. Rb1 h4 20. Bc1 Bxc1 21. Qxc1 hxg3 22. Nfxg3 Qe7 23. Qe3 Nh4 24. Bf1 Qf6 25. Rd3 Nfg6 26. Nh5 Qe7 27. Nhg3 a5 28. a4 Nf8 29. Rbd1 g5 30. Kh2 Nfg6 31. Ng1 Nf4 32. R3d2 Kg7 33. Nf3 Rh8 34. Nxh4 Rxh4 35. Nf5+ Bxf5 36. exf5 Rah8 37. Rd7 Qf6 38. Kg1 Nxh3+ 39. Bxh3 Rxh3 40. Qe4 R8h4 41. Qe2 Qxf5 42. R7d3 Rh1+ 0-1